| 000 | 00748nam a2200277 a 4500 | ||
|---|---|---|---|
| 999 |
_c2945 _d2945 |
||
| 006 | a||||gr|||| 00| 0 | ||
| 007 | ta | ||
| 008 | 191204s2016 ii a|||gr|||| 00| 0 eng d | ||
| 020 |
_a9788173177941 _cRs. 286.50 |
||
| 040 |
_aKO _beng |
||
| 041 | 0 | _aeng | |
| 044 | _aii | ||
| 082 | 0 | 4 |
_223 _a671.3078 _bSe75 |
| 100 | 1 | _aSethi, G. S. | |
| 245 | 1 | 0 |
_aFitter : _bTrade Practical sector - production and manufacturing / _cG. S. Sethi, Balbir Singh |
| 250 | _a2nd ed. | ||
| 260 |
_aNew Delhi : _bAsian Publishers, _c2017 |
||
| 300 |
_avarious pagination : _bill. ; _c28 cm. |
||
| 650 | 0 | _aMetal-work | |
| 650 | 0 | _aMachine-shop practice | |
| 700 | 1 |
_aSingh, Balbir _eaut |
|
| 904 | _aRUDRA_R | ||
| 905 | _aR_RANJAN | ||
| 942 | _cGR | ||